| 000 | 01189nam a22003017a 4500 | ||
|---|---|---|---|
| 001 | 00260 | ||
| 003 | DO-SdBNP | ||
| 005 | 20171109101234.0 | ||
| 008 | 151111b 1976 sp xxu||||| |||| 00| 0 spa d | ||
| 020 | _a8400034775 | ||
| 040 |
_aBPMSU _bspa _cBPMSU |
||
| 082 | 4 |
_a282.892 _bM827i |
|
| 092 | _a | ||
| 100 | 1 |
_aMora Mérida, José Luis, _d1943- |
|
| 245 | 1 | 0 |
_aIglesia y sociedad en Paraguay en el siglo XVIII / _cJosé Luis Mora Mérida |
| 260 |
_aSevilla : _bEscuela de Estudios Hispano-americanos, Consejo Superior de Investigaciones Científicas, _c1976. |
||
| 300 |
_a162 p. ; _c19 cm. |
||
| 490 | 1 |
_aPublicaciones de la Escuela de Estudios Hispano-Americanos de Sevilla _v; 235 |
|
| 500 | _aIncluye referencias bibliográficas y notas al pie de las paginas. | ||
| 500 | _aIncluye índice analítico | ||
| 650 |
_aIGLESIA CATÓLICA _zPARAGUAY _xHISTORIA _ySIGLO XIX |
||
| 651 |
_aPARAGUAY _xHISTORIA ECLESIÁSTICA _ySIGLO XVIII |
||
| 651 |
_aPARAGUAY _xCONDICIONES SOCIALES _ySIGLO XVIII |
||
| 830 | 0 |
_aPublicaciones de la Escuela de Estudios Hispano-Americanos de Sevilla ; _n235 |
|
| 942 |
_2ddc _cBK |
||
| 945 | _aInventariado, 2017/MFF | ||
| 956 | _2Lorenza Pérez | ||
| 999 |
_c8646 _d8646 |
||